000 00186 a2200097 4500
020 _a9788402090102
041 _aspa
100 _aFranz brandenberg
245 _aLeo y Emilia
942 _cK
999 _c31226
_d31224